| 000 | 00509 a2200181 4500 | ||
|---|---|---|---|
| 020 | _a0321082079 | ||
| 020 | _a0321082087 | ||
| 090 |
_c6328 _d6328 |
||
| 100 | 1 | _aLester, James D., | |
| 245 | 1 | 0 |
_aWriting research papers : a complete guide _cJames D. Lester, James Lester, Jr. |
| 250 | _a10th ed. | ||
| 260 |
_aNew York ; _aSingapore : _bLongman, _cc2002. |
||
| 300 |
_a362 p. : _bill. |
||
| 650 | 0 | _aReport writing. | |
| 650 | 0 | _aResearch. | |
| 700 | 1 |
_aLester, James D., _d1959- |
|
| 942 |
_cBK _k808.202 LES |
||
| 999 |
_c10159 _d10159 |
||